banner-ar

DIGITAL SIGNAL PROCESSING PRINCIPLES,ALGORITHMS AND APPLICATINS, 2ND ED / (Record no. 16694)

MARC details
000 -الفاتح
حقل البيانات ثابتة الطول 00538nam a2200181Ia 4500
008 - عناصر البيانات ثابتة الطول - معلومات عامة
حقل البيانات ثابتة الطول 140319s9999 xx 000 0 eng d
040 ## - مصدر الفهرسة
وكالة الفهرسة الأصلية GCL /
وكالة النسخ GCL
082 04 - رقم تصنيف ديوى العشرى
رقم التصنيف 621.3822
رقم المادة P D
100 1# - المدخل الرئيسى - إسم شخصى
الإسم الشخصى PROOKIS,JOHN G
245 10 - بيان العنوان
العنوان DIGITAL SIGNAL PROCESSING PRINCIPLES,ALGORITHMS AND APPLICATINS, 2ND ED /
بيان المسئوليه,etc PROOKIS,JOHN G
700 1# - المدخل الاضافى - اسم شخصى
الإسم الشخصى MANALAKIS, DIMITIS CE
260 ## - PUBLICATION, DISTRIBUTION, ETC. (IMPRINT)
تاريخ النشر أو التوزيع 1992
300 ## - الوصف المادى
التعداد 969 PP
650 04 - المدخل الاضافى بالموضوع-مصطلح موضوعى
مصطلح موضوعي SIGNAL PROCESSING
650 04 - المدخل الاضافى بالموضوع-مصطلح موضوعى
مصطلح موضوعي DIGITAL TECHNIQUES
942 ## - عناصر المدخل الإضافي( كوها)
مصدر التصنيف او مخطط الترفيف Dewey Decimal Classification
Koha [default] item type كتاب
260 ## - PUBLICATION, DISTRIBUTION, ETC. (IMPRINT)
-- [S.N] :
-- MACMILLAN PUBBISHING CO ،
Holdings
حالة التراجع حالة الفقد حالة تلف ليس للاعارة المكان المؤقت الموقع الحالى تاريخ الاكتساب اجمالي اﻻعارات رقم الطلب الباركود تاريخ اخر مشاهدة تاريخ تفعيل السعر نوع وعاء كوها
        مكتبة القاهرة الكبرى مكتبة القاهرة الكبرى 03/26/2014   621.3822\P D 30211 03/26/2014 03/26/2014 كتاب

Powered By

EGPV